| 000 | 00669nam a2200193Ia 4500 | ||
|---|---|---|---|
| 003 | GCL | ||
| 005 | 20240530095023.0 | ||
| 008 | 140319s9999 xx 000 0 ara d | ||
| 020 | _a9684215977 | ||
| 040 |
_aGCL / _cGCL |
||
| 082 | 0 | 4 |
_a362.4 _bم د |
| 100 | 1 | _aمحمد عباس يوسف | |
| 245 | 1 | 0 |
_aدراسات فى الاعاقة وذوى الاحتياجات الخاصة / _cمحمد عباس يوسف |
| 260 |
_aالقاهرة : _bدار غريب للطباعة والنشر والتوزيع ، _c2003 |
||
| 300 |
_a243 ؛ _c24 سم |
||
| 650 | 0 | 4 | _aالمعوقون - رعاية وعلاج |
| 650 | 0 | 4 | _aالاطفال المعوقون |
| 942 |
_2ddc _cBK |
||
| 999 |
_c3305 _d3305 |
||